[Event "GBR-ch"]
[Site "Scarborough"]
[Date "2001.07.31"]
[Round "2"]
[White "Miles, Tony"]
[Black "Ledger, Andrew"]
[Result "1-0"]
[WhiteElo "2565"]
[BlackElo "2418"]
[Annotator "Martin,A"]
[PlyCount "67"]
[EventDate "2001.07.30"]

1. Nf3 {notes by IM Andrew Martin} 1... Nf6 2. c4 c6 3. d4 d5 4. Nc3 Qb6 $5 {
I can't say that I have seen this move before. Ledger throws down thegauntlet.
} 5. Qc2 {Miles reacts calmly} 5... Bg4 {Not having anything to go on I have
one suggestion that can be rejected immediately and a Fritz-fuelled pawn grab.
 Actually 5...dxc4 isn't too clear.} (5... g6 6. cxd5 cxd5 7. Nxd5) (5...
dxc4 6. e4 (6. e3 Be6 7. Ng5 Bg4 8. Bxc4 e6) 6... Bg4 7. Be3 Bxf3 8. gxf3 Qb4
$5) 6. c5 Qc7 7. Ne5 Nbd7 8. h3 Be6 {An important moment in the game.I'm
sure that Andrew Ledger sensed that his Bishop on f8 might have problems but
what to do about it ?. I think that 8...Bh5 was a better choice:} ({RR} 8...
Bh5 9. Bf4 Nxe5 10. Bxe5 Qc8 {Here Black might be able to improve eg} (10...
Qa5 $5 11. e3 (11. b4 Qxb4 12. Rb1 Qa5 13. Rxb7 Ne4 14. Rb3 f6 15. Bh2 Bg6) (
11. Bxf6 exf6 12. e3 Bg6 13. Qd2 b6 $1 $13) 11... Nd7 (11... Ne4 12. Bd3 Bg6)
12. Bg3 Bg6 13. Qb3 O-O-O {
At least he doesn't end up chronically passive,as happens here.}) 11. Bxf6 gxf6
12. e3 e5 13. Be2 Bg6 14. Qd2 Be7 15. O-O Qe6 16. b4 O-O 17. f4 e4 18. b5 Kh8
19. Rab1 Rg8 20. bxc6 bxc6 21. Rb7 f5 22. Rfb1 Bd8 23. Na4 Qf6 24. Qe1 Qg7 25.
Qf2 Qh6 26. Kh2 Bh5 27. Bf1 Bg4 28. g3 Qh5 29. Rd7 Rg6 30. Rbb7 Rh6 31. h4 Bf6
32. Rxa7 Rg8 33. Nb6 Bf3 34. Ra8 Rxa8 35. Nxa8 Bxh4 36. gxh4 Qg4 37. Bh3 Qg6
38. Qg3 Bg4 39. Nc7 Bh5 40. Rd8+ Kg7 41. Ne8+ Kf8 42. Nf6+ Ke7 43. Rd6 {
1-0 Dambrauskas,V-Lasinskas,P/Vilnius 1999/EXT 2000 (43)}) 9. Bf4 Nxe5 10. Bxe5
Qc8 11. Bxf6 $1 $146 {An excellent move,producing a Trompowsky-like pawn
structure. Whearas White has the comfortable plan of b4-b5 etc,Black toils to
get his pieces into he game. With such a structure ,Miles is deadly .} ({RR
} 11. f3 Nd7 12. Bh2 g6 13. e4 Bg7 14. Rd1 O-O 15. Be2 b6 16. Na4 bxc5 17. Nxc5
Nxc5 18. Qxc5 dxe4 19. fxe4 Bxa2 20. O-O Qe6 21. Bf3 Qc4 22. e5 Qxc5 23. dxc5
Bc4 24. Rf2 Bh6 25. Bxc6 Rac8 26. Bf4 g5 27. Bd7 gxf4 28. c6 Rc7 29. b4 Rb8 30.
Rb1 Bd5 31. b5 f3 32. gxf3 Be3 {0-1 Dobias,J-Hromadka,K/Prague 1926/EXT 99 (32)
}) 11... gxf6 (11... exf6 12. e3 h5 $5 {Trying for ...g6,...h4,...Bh6,...f4.})
12. e3 Bf5 13. Bd3 Bxd3 14. Qxd3 {This is just so unpleasant for Black-he has
to sit and watch White play.Any attempt to get active rebounds in his face eg}
14... f5 (14... e5 $2 15. e4 $1 exd4 16. Qxd4 Qe6 17. O-O-O $16) 15. b4 $16 Rg8
16. O-O Qe6 17. f4 Rg3 18. Kf2 $1 {Psychological byplay. As Graham Lee puts
it ' Miles plays a move you cannot expect ' It's unsettling. Ledger's hopes
of a draw momentarily rise only to be immediately dashed. In its own way 18
Kf2 is a very special little move.} 18... Rg8 19. Kg1 Rg3 20. Rf3 $1 {
And on with the game. Of course,exchanging off Black's only active piece is a
very good idea.} 20... Rxf3 21. gxf3 Qg6+ 22. Kh2 Qh5 23. b5 {Black can do
nothing against the Queenside invasion. He tries a last desperate trick but
nothing is working. The Bishop is entombed.} 23... Rc8 24. Qe2 $1 f6 25. Rb1
Kf7 26. bxc6 bxc6 27. Rb7 Bh6 (27... Qh4 28. Nd1 (28. Rxa7 $2 Bh6 29. Nd1 Rg8
$1 30. Qf2 Bxf4+ 31. exf4 Qxf4+ 32. Kh1 Rg3 $19 {
would be a good example of the trick Black is aiming for.}) 28... Bh6 29. Qf2
{Careful play snuffs out the attack} 29... Bxf4+ 30. exf4 Qxf4+ 31. Kh1 $18)
28. Qf2 $1 {Preventing ...Qh4 and thus any ...Bxf4 cheapo. Game over. } 28...
a5 29. Na4 Rg8 30. Rc7 Rg6 31. Nc3 Kf8 32. Rxc6 e5 33. Nxd5 e4 34. Qb2 {
High-level technique from Tony Miles.} 1-0

[Event "GBR-ch"]
[Site "Scarborough"]
[Date "2001.08.01"]
[Round "3"]
[White "Shaw, John K"]
[Black "Miles, Tony"]
[Result "1/2-1/2"]
[WhiteElo "2478"]
[BlackElo "2565"]
[Annotator "Martin,A"]
[PlyCount "77"]
[EventDate "2001.07.30"]

1. e4 d6 2. d4 Nf6 3. Nc3 c6 4. f4 Qa5 5. e5 Ne4 6. Qf3 d5 7. Bd3 f5 $5 {
An idea claimed by Scottish junior Joe Redpath. As it turns out,7...f5 isn't a
novelty.} 8. exf6 exf6 9. Bd2 $1 Nxd2 10. Kxd2 Qb6 $146 ({RR} 10... Bd6 11.
Re1+ Kd8 12. Nge2 Na6 13. Nc1 Qc7 14. g3 Nb4 15. a3 Nxd3 16. Nxd3 Bf5 17. Nc5
Bxc5 18. dxc5 Qd7 19. Kc1 Kc7 20. Qf2 Rae8 21. Rxe8 Rxe8 22. Re1 Rxe1+ 23. Qxe1
d4 24. Nd1 b6 25. Qb4 {
Krizsany,L-Tolnai,T/Balatonbereny 1996/CBM 53 ext/1/2-1/2 (44)}) 11. Qh5+ Kd8
12. Nf3 Qxb2 13. a3 Qb6 14. Rhe1 Bd6 15. g3 Qc7 16. Re3 Qd7 17. Rae1 Kc7 18.
Nh4 b5 19. Bxb5 Bxa3 20. Nxd5+ Qxd5 21. Qxd5 cxd5 22. Rxa3 Kd6 23. Rae3 Nc6 24.
Bxc6 Kxc6 25. Re7 Rg8 26. Rf7 a5 27. Ree7 a4 28. Kc1 a3 29. Kb1 Ba6 30. Rc7+
Kb6 31. Nf5 Rgb8 32. Ne3 Ka5+ 33. Ka2 Ka4 34. Nxd5 Rb2+ 35. Ka1 Re8 36. Nc3+
Kb4 37. Nd5+ Ka4 38. Nc3+ Kb4 39. Nd5+ 1/2-1/2

[Event "GBR-ch"]
[Site "Scarborough"]
[Date "2001.08.01"]
[Round "3"]
[White "Hodgson, Julian M"]
[Black "Ansell, Simon"]
[Result "1-0"]
[WhiteElo "2581"]
[BlackElo "2376"]
[Annotator "Martin,A"]
[PlyCount "109"]
[EventDate "2001.07.30"]

1. d4 d5 2. c4 c6 3. Nf3 Nf6 4. e3 Bf5 5. Nc3 e6 6. Nh4 Bg6 7. Nxg6 hxg6 8. g3
({RR} 8. Bd3 Nbd7 9. a3 ({RR} 9. Qc2 Rc8 10. O-O Qc7 11. f4 c5 12. cxd5 Nxd5
13. Nxd5 exd5 14. Re1 c4 15. Be2 f5 16. Bf3 Qc6 17. Bd2 Nf6 18. Rac1 Kf7 19. b4
Be7 20. a4 a6 21. Qa2 b5 22. axb5 axb5 23. Rb1 Ra8 {
Smolen,J-Hegedus,R/Ivanka pri Dunaji 1999/EXT 2000/0-1 (44)}) 9... Bd6 10. h3
O-O 11. O-O Qe7 12. Re1 dxc4 13. Bxc4 e5 14. Ba2 Rad8 15. f4 e4 16. Rf1 Nb6 17.
Bd2 c5 18. Qe2 cxd4 19. exd4 Bb8 20. Rae1 Rxd4 21. Be3 Rd7 22. Bxb6 {
1/2-1/2 Vyzmanavin,A-Kramnik,V/Paris 1994/CBM 43 ext (22)}) 8... Nbd7 9. Bg2
$146 ({RR} 9. Qd3 Bb4 10. Bg2 Bxc3+ 11. bxc3 Nb6 12. c5 Nc4 13. e4 Nd7 14. O-O
O-O 15. e5 b6 16. cxb6 axb6 17. h4 b5 18. Bg5 Qb6 19. Rfb1 Ra4 20. g4 Rfa8 21.
h5 Rxa2 22. Rxa2 Rxa2 23. hxg6 Ncxe5 {
Supatashvili,K-Gretarsson,H/Yerevan 1996/EXT 97/0-1 (39)}) ({RR} 9. cxd5 cxd5
10. a3 Be7 11. Bg2 O-O 12. O-O Rc8 13. f4 Nb6 14. g4 Nc4 15. g5 Ne8 16. Ne2 Qb6
17. Ra2 Ned6 18. Ng3 Rc7 19. b3 Na5 20. Bd2 Rfc8 21. Bxa5 Qxa5 22. b4 Qa6 23.
Re1 Rc3 {Vasiljevic,D-Beliavsky,A/Igalo 1994/EXT 2000/0-1 (46)}) ({RR} 9. Qe2
Be7 10. Bg2 O-O 11. O-O Re8 12. Rd1 Qb6 13. b3 Rad8 14. Bd2 Bb4 15. Qe1 Bxc3
16. Bxc3 Qa6 17. Bf1 dxc4 18. a4 b6 19. Bxc4 Qc8 20. Bf1 e5 21. dxe5 Nxe5 22.
Bg2 Nd3 23. Qe2 Nc5 {Nenashev,A-Festas,G/Ikaria 1994/EXT 97/1-0 (48)}) 9...
dxc4 10. Qe2 e5 11. O-O Qc7 12. Qxc4 Bd6 13. dxe5 Nxe5 14. Qe2 Qe7 (14... a5)
15. f4 Ned7 16. Rb1 a5 17. Bd2 Bc7 18. a3 Nc5 19. e4 Nb3 {
Around here Black starts to find his pieces misplaced.} 20. Be3 Qe6 21. Nd5 $1
cxd5 22. Qb5+ Qd7 23. Qxb3 a4 24. Qb4 Ba5 25. Qd4 dxe4 26. Qe5+ Qe7 27. Bc5
Qxe5 28. fxe5 Nd7 29. Bd6 f5 30. exf6 Nxf6 31. b4 Bb6+ 32. Bc5 {
Open lines are all that White needs} 32... Bxc5+ 33. bxc5 O-O-O 34. Rb4 Rhe8 (
34... Rd2 35. Rfb1 Rhd8 36. Rxb7 Rd1+ 37. Bf1 Rxb1 38. Rxb1 Kc7 $1 39. Rb4 Kc6
$1 40. Rxa4 Kxc5 41. Ra7 Rd1 $13) 35. Rfb1 g5 36. Rxa4 Kc7 37. Rab4 Rb8 38. h3
Re5 39. Rb5 Nd7 40. a4 Nxc5 41. Bxe4 b6 42. Bg2 Rbe8 43. Rxb6 Re1+ 44. Kh2 Rxb1
45. Rxb1 Nxa4 46. Rb5 Re7 47. Rxg5 Kd6 48. Rg6+ Ke5 49. h4 Nc3 50. h5 Ne4 51.
Bxe4 Kxe4 52. Rg5 Kf3 53. Kh3 Ra7 54. Rf5+ Ke4 55. Kg4 1-0

[Event "GBR-ch"]
[Site "Scarborough"]
[Date "2001.08.01"]
[Round "3"]
[White "Rudd, Jack"]
[Black "Hunt, Adam"]
[Result "1-0"]
[WhiteElo "2193"]
[BlackElo "2408"]
[Annotator "Martin,A"]
[PlyCount "51"]
[EventDate "2001.07.30"]

1. e4 c5 2. Nf3 d6 3. Nc3 Nf6 4. e5 dxe5 5. Nxe5 a6 6. g3 ({RR} 6. Be2 e6 7.
O-O Qc7 8. Nc4 b5 9. Bf3 Ra7 10. Ne3 Nc6 11. a4 Nd4 12. axb5 axb5 13. Rxa7 Qxa7
14. d3 Be7 15. Ne4 Nd7 16. Bh5 g6 17. c3 Nc6 18. Bf3 Bb7 19. Nc2 Nce5 20. Be2
c4 21. Nd4 Qa4 {1/2-1/2 Timman,J-Shirov,A/Linares 1993/CBM 34 (21)}) ({RR} 6.
a4 e6 7. Be2 Nbd7 8. Nc4 b6 9. Bf3 Rb8 10. d3 Bb7 11. Bf4 Bxf3 12. Qxf3 Ra8 13.
a5 b5 14. Nb6 Rc8 15. Qb7 Nxb6 16. axb6 b4 17. Bc7 Qd7 18. Nb5 Be7 19. Na7 Rd8
20. Nc6 Rc8 21. Ne5 Rxc7 22. bxc7 {
1-0 Sanchez,S-Sanchez,A/San Felipe 1999/EXT 2000 (22)}) 6... Qc7 7. d4 e6 8.
Bf4 $146 ({RR} 8. Bg2 cxd4 9. Qxd4 Bc5 10. Qa4+ b5 11. Qf4 Bb7 12. Bxb7 Qxb7
13. O-O {1/2-1/2 Vedder,H-Aagaard,J/Vejen 1993/EXT 99 (13)}) 8... Bd6 9. Bg2
O-O 10. O-O Rd8 11. dxc5 Qxc5 12. Qe2 Be7 13. Rad1 Nbd7 14. Nc4 Nb6 15. Nxb6
Qxb6 16. Na4 Qa5 17. b3 Nd7 18. Qd2 Bb4 19. Qe3 Be7 20. Bd6 Kf8 21. Rd5 b5 22.
Bxe7+ Kxe7 23. Rfd1 Qc7 24. Nb6 Ra7 25. Rxd7+ Rxd7 26. Rxd7+ 1-0

[Event "GBR-ch"]
[Site "Scarborough"]
[Date "2001.08.01"]
[Round "3"]
[White "Ward, Chris G"]
[Black "Walker, Martin G"]
[Result "1/2-1/2"]
[WhiteElo "2493"]
[BlackElo "2109"]
[Annotator "Martin,A"]
[PlyCount "56"]
[EventDate "2001.07.30"]

1. d4 Nf6 2. c4 g6 3. f3 d5 4. cxd5 Nxd5 5. e4 Nb6 6. Nc3 Bg7 7. Be3 O-O 8. f4
Nc6 9. d5 Na5 10. Bd4 c5 ({RR} 10... Bg4 11. Qd3 ({RR} 11. Be2 Bxe2 12. Ngxe2
e5 13. Bc5 Re8 14. b3 c6 15. Bb4 Nd7 16. Bxa5 Qxa5 17. dxc6 Nc5 18. b4 Qxb4 19.
Rb1 Qc4 20. cxb7 Rad8 21. Qc2 exf4 22. O-O Nxe4 23. b8=Q Nxc3 24. Qbb3 Qc5+ 25.
Kh1 Rxe2 26. Qc1 Qg5 27. Qb7 Ne4 28. Qxf7+ Kh8 29. g4 Rxh2+ 30. Kxh2 Qh4+ 31.
Kg2 Qg3+ 32. Kh1 Qh3+ {0-1 Diehm,A-Grabarska,B/Passau 1999/EXT 2000 (32)})
11... e5 12. fxe5 Nac4 13. Qg3 h5 14. Nf3 Qe7 15. O-O-O Bxf3 16. gxf3 c5 17.
dxc6 bxc6 18. f4 Qb4 19. Qf2 Bh6 20. Bc5 {
1/2-1/2 Gheorghiu,F-Kortschnoj,V/Zuerich 1984/MCD (20)}) 11. Bxg7 Kxg7 12. b3
$2 $146 {Far too ambitious. Instead 12 Nf3! is natural and strong eg} ({RR} 12.
Nf3 Nac4 13. Bxc4 Nxc4 14. Qe2 $1 $16 14... Nd6 15. O-O Bd7 16. Rad1 Qb6
17. e5 Nf5 18. Qf2 h5 19. Rfe1 Qc7 20. Ne4 b6 21. h3 Rad8 22. b3 Rh8 23. Qb2 e6
24. Nf6 c4 25. d6 Qc5+ 26. Qf2 Qxf2+ 27. Kxf2 Bc6 28. bxc4 Nxd6 29. Rxd6 Rxd6
30. Nxh5+ gxh5 31. exd6 Rd8 32. Rd1 f6 33. Nd4 Bd7 34. f5 Kf7 35. fxe6+ Bxe6
36. Nxe6 Kxe6 37. Kg3 Rxd6 38. Rxd6+ Kxd6 39. Kh4 Ke5 40. Kxh5 Kf4 41. g4 {
1-0 Gomez Esteban,J-Escudero Cuadrado,L/Sevilla 1993/TD (41)}) 12... e6 $1 {
Walker plays energetically and well. To a packed commentary room after the
game ,Chris Ward was full of praise for his resourceful opponent.} 13. d6 e5
14. fxe5 Qh4+ 15. g3 Qg5 16. Qd3 Qxe5 17. Nf3 Qh5 18. Be2 Bg4 19. Nh4 Nc6 20.
O-O Rad8 21. Bxg4 Qxg4 22. Nf3 Qe6 23. Rad1 c4 24. bxc4 Qxc4 25. Qe3 Qe6 26.
Nd4 Qe5 27. Nxc6 bxc6 28. Qd4 Qxd4+ 1/2-1/2

[Event "GBR-ch"]
[Site "Scarborough"]
[Date "2001.08.01"]
[Round "3"]
[White "Emms, John M"]
[Black "Williams, Simon K"]
[Result "1-0"]
[WhiteElo "2532"]
[BlackElo "2369"]
[Annotator "Martin,A"]
[PlyCount "73"]
[EventDate "2001.07.30"]

1. e4 e6 2. d4 d5 3. Nd2 Nf6 4. Bd3 c5 5. e5 Nfd7 6. c3 Nc6 7. Ne2 cxd4 8. cxd4
f6 9. exf6 Nxf6 10. Nf3 Bd6 11. O-O Qc7 12. Bg5 O-O 13. Rc1 Nh5 {This is
a heavily analysed position. White keeps his Knight on e2 to sometimes block
the Black attack with Ng3. The Rook on c1 introduces ideas such as b2-b4. 
 Black has tried many ideas now,but none of them seem to quite equalise eg} ({
RR} 13... a6 14. Bh4 g6 15. Re1 $6 {
He sets up 15 Bg3 and then forgets to play it!} (15. Bg3 $1 $14) 15... Nh5 16.
Bg5 Qg7 17. Qd2 Bb4 18. Nc3 Rxf3 19. gxf3 Nxd4 20. Qe3 Bd7 21. a3 Bd6 22. Ne2
Qe5 23. Qxe5 Nxf3+ 24. Kg2 Nxe1+ 25. Rxe1 Bxe5 26. b3 Rc8 27. Bd2 Bd6 28. a4 {
Zapata,A-Bradford,J/Linares 1992/CBM 33 ext/1/2-1/2 (58)}) ({RR} 13... Qf7 $5
14. Bb1 Bd7 15. Ng3 g6 16. Bh6 Rfe8 17. h3 e5 18. dxe5 Nxe5 19. Ng5 Qe7 20. Re1
Bb4 21. Re2 Bb5 22. Re3 Qd6 23. Nf3 Nf7 24. Rxe8+ Rxe8 25. Be3 Rxe3 26. fxe3
Qxg3 27. Qb3 a5 28. a3 Bc4 29. Qd1 Bd6 30. Qe1 Qxe1+ 31. Rxe1 Ne5 32. Nd4 Nc6
33. Nf3 Nd7 34. Nd2 Ba6 35. Kf2 Nde5 36. Rc1 Nd3+ 37. Bxd3 Bxd3 38. Rc3 Ba6 39.
Nf3 Kg7 40. Rb3 Kf6 41. Rb6 Bc5 42. Rb3 Ne5 43. Nxe5 Kxe5 44. Rc3 b6 45. Kf3
Bb7 46. Kg3 Ke4 47. Kg4 Ba6 48. Kg5 Bxe3+ 49. Kf6 Bd4+ {
0-1 Kovarik,O-Moravcik,R/SVK 1998/EXT 2000 (49)}) (13... Ng4 14. Ng3 g6 15. Nh4
e5 16. Be2 Nf6 17. dxe5 Bxe5 18. b4 $1 Bf4 19. Bxf4 Qxf4 20. b5 Nd4 21. Nf3 $14
{Smagin-Dolmatov USSR Ch 1986}) (13... Bd7 14. Ng3 Qb6 15. Bxf6 gxf6 $5 16. Qd2
Rf7 17. Nh5 Qd8 18. Qh6 Be7 19. h3 $14 {Frolov-Borovikov . Nikolaev 1983}) 14.
Ng3 Nf4 15. Bb1 Bd7 $146 {Getting the timber off the back rank but if Black
fails to create an initiative White simply has better placed pieces.} ({RR} 
15... Qf7 16. Rc3 Bd7 ({RR} 16... g6 17. Bh6 Re8 18. Re3 Bf8 19. Bxf8 Qxf8 20.
a3 Bd7 21. Rfe1 Re7 22. Qd2 Rc8 23. Rb3 b6 24. Rc3 Qf6 25. Rec1 Ree8 26. b4 e5
27. Nxe5 Nxe5 28. dxe5 Qxe5 29. Rxc8 Bxc8 30. Ba2 Kh8 31. Qe3 {
Keschitz,G-Petek Medic,M/HUN-chT2 9394 1994/TD/0-1 (53)}) 17. Qc2 g6 18. Bh6
Qf6 19. Bxf8 Rxf8 20. Rd1 e5 21. dxe5 Nxe5 22. Qb3 Kh8 23. Nxe5 Bxe5 24. Rc2
Bc6 25. Rcd2 h5 26. f3 h4 27. Nf1 Kg7 28. Ne3 Bd4 29. Rxd4 Ne2+ 30. Kf2 {
Murugan,K-Babu,N/IND-ch 1988/EXT 97/1-0 (45)}) ({RR} 15... h6 16. Bxf4 Bxf4 17.
Qd3 g5 18. Rc3 Bxg3 19. hxg3 Qg7 20. Re1 Bd7 21. Ne5 Nxe5 22. Rxe5 Rac8 23.
Rxc8 Rxc8 24. Qe3 Qf6 25. Bd3 Rc7 26. f4 gxf4 27. gxf4 a6 28. a3 Kf7 29. Rh5
Rc6 30. Rh3 Ke7 31. f5 Qg5 32. f6+ Qxf6 33. Rxh6 Rc1+ 34. Kh2 Re1 {
1-0 Maidla,V-Carton,P/Debrecen 1992/EU-chT (34)}) 16. Re1 Rf7 17. Qc2 g6 18.
Ne5 $1 {A move in the steady style of John Emms. He is acutely aware of good
and bad pieces-which and which not to exchange.} 18... Bxe5 (18... Nxe5 19.
dxe5 Qxc2 20. Bxc2 Bb4 21. Red1 $14) 19. dxe5 Qb6 20. Bxf4 Rxf4 21. Nh5 $1 Rf7
(21... gxh5 22. Qxh7+ Kf8 23. Qh6+ $18 {No heroics.}) 22. Nf6+ Kh8 23. Nxh7 {
Commencing a dangerous attack. the real question is : Has White anything more
than a draw ?} 23... Rxh7 24. Qxg6 Rg7 25. Qh6+ Kg8 26. Rc3 Qb4 $6 {Williams ha
d a massive lead on the clock around here-perhaps he could have used the time
to find} (26... Qd8 $1 {Maybe the best try.} 27. Rh3 $2 (27. Rg3 Rxg3 28.
Bh7+ Kf7 29. fxg3 Qb6+ 30. Kh1 Qf2 31. Bg6+ Kg8 $1 $11 (31... Ke7 $2 32. Qg5+
Kf8 33. Qc1 $1 Kg7 34. Rf1 $40)) 27... Qg5) 27. Bh7+ Kh8 28. Bg6+ $138 {
Short of time Emms repeats. The complications after 28 Bc2 + are considerable
and inconclusiveeg} (28. Bc2+ Kg8 29. Ree3 $1 Qxb2 (29... Nd4 30. Bh7+ Kf8 31.
h3 $13) 30. Bh7+ Kh8 (30... Kf8 31. Rf3+ Ke8 32. h4 Nxe5 33. Qxg7 Qa1+ 34. Kh2
Nxf3+ 35. gxf3 $13) 31. Rg3 $3 $18) (28. a3 {
also wins the house in this position, as pointed out by Jeff Goldberg.}) 28...
Kg8 29. Bh7+ Kh8 30. Bg6+ Kg8 31. a3 $1 {On with the game. With his clock
running down,Emms shows considerable courage.} 31... Qg4 $8 32. Rg3 Rxg6 $8 33.
Rxg4 Rxg4 {This must have been the position White was mulling over. Williams
has plenty of material but his King is open to the four winds. In such a
situation,the Queen is boss} 34. Re3 $16 Ne7 $2 (34... Nd8 {
was more of a challenge but White can win nicely eg} 35. Rh3 $1 Nf7 36. Qh7+
Kf8 37. Rf3 Be8 38. Qh8+ Ke7 39. Rxf7+ $1 { The killer blow.} 39... Kxf7 40.
Qf6+ Kg8 41. Qxe6+ $16) 35. Rh3 $18 Kf7 36. Qf6+ Ke8 37. Rh7 {
Black's Army is disjointed.} 1-0

[Event "GBR-ch"]
[Site "Scarborough"]
[Date "2001.08.01"]
[Round "3"]
[White "Snape, Ian L"]
[Black "Lalic, Bogdan"]
[Result "0-1"]
[WhiteElo "2160"]
[BlackElo "2528"]
[Annotator "Martin,A"]
[PlyCount "80"]
[EventDate "2001.07.30"]

1. c4 e5 2. Nc3 Nf6 3. Nf3 Nc6 4. g3 Nd4 5. Bg2 Nxf3+ 6. Bxf3 Bb4 7. Nd5 Bc5 8.
O-O c6 9. Nxf6+ Qxf6 10. d3 O-O 11. Bd2 $146 ({RR} 11. Rb1) 11... a5 12. Bc3 d6
13. e3 Bb4 14. Rc1 Qe7 15. Bg2 f5 16. Re1 Be6 17. d4 e4 18. d5 Bf7 19. Qd4 Bxc3
20. Rxc3 c5 21. Qd2 Rfb8 22. a4 Be8 23. Ra1 g5 24. f3 exf3 25. Bxf3 Bg6 26. Qe2
Re8 27. Bh5 Qg7 28. Bxg6 hxg6 29. Rb3 Re4 30. Rb6 Qc7 31. Rb3 Rae8 32. Raa3
R8e5 33. Rc3 Qe7 34. Rab3 Kg7 $1 {
Lalic certainly knows how to turn the screw .} 35. Rb6 Rxe3 36. Rxe3 Rxe3 37.
Qd2 f4 38. Kf2 Kh6 39. b3 Qe4 40. Qd1 Rd3 0-1

[Event "GBR-ch"]
[Site "Scarborough"]
[Date "2001.08.02"]
[Round "4"]
[White "Miles, Tony"]
[Black "Wells, Peter"]
[Result "1/2-1/2"]
[WhiteElo "2565"]
[BlackElo "2510"]
[Annotator "Martin,A"]
[PlyCount "49"]
[EventDate "2001.07.30"]

1. b3 d5 2. Nf3 Bg4 3. e3 Nd7 4. Bb2 Ngf6 5. d3 e5 6. h3 Bxf3 7. Qxf3 Bb4+ 8.
Nd2 $146 ({RR} 8. c3 Bd6 9. Nd2 Qe7 10. a4 e4 11. Qd1 Ne5 12. d4 Ng6 13. Qc1
O-O 14. Ba3 c5 15. Be2 Rac8 16. Qb2 Nd7 17. g3 Rc7 18. c4 f5 19. cxd5 cxd4 20.
Bxd6 Qxd6 21. Qxd4 Nf6 22. Nc4 Qxd5 {
Blatny,P-Stripunsky,A/Pardubice 1996/CBM 55 ext/1-0 (61)}) 8... c6 9. Qd1 Qe7
10. Be2 Ba3 11. Qc1 Bxb2 12. Qxb2 O-O 13. O-O Rfe8 14. Rfe1 Nf8 15. c4 Ng6 16.
Bf1 Rad8 17. cxd5 Nxd5 18. a3 f5 19. Rad1 f4 20. Ne4 fxe3 21. fxe3 Nh4 22. b4
Rf8 23. Qd2 Qe6 24. Re2 Qg6 25. Kh1 1/2-1/2

[Event "GBR-ch"]
[Site "Scarborough"]
[Date "2001.08.02"]
[Round "4"]
[White "Arkell, Keith C"]
[Black "Ward, Chris G"]
[Result "0-1"]
[WhiteElo "2431"]
[BlackElo "2493"]
[Annotator "Martin,A"]
[PlyCount "124"]
[EventDate "2001.07.30"]

1. c4 c5 2. Nc3 g6 3. g3 Bg7 4. Bg2 Nc6 5. a3 Nf6 6. Rb1 a5 7. Nf3 O-O 8. O-O
d5 9. cxd5 Nxd5 10. Nxd5 Qxd5 11. d3 Rd8 $146 ({RR} 11... Qh5 12. Be3 Be6 13.
Ng5 Bg4 14. f3 Bd7 15. Ne4 Nd4 16. Bg5 f5 17. Nxc5 Bc6 18. Bd2 b6 19. e3 bxc5
20. exd4 Bxd4+ 21. Kh1 Bd5 22. Qe2 e5 23. g4 Qh4 24. gxf5 Rxf5 25. f4 Qd8 26.
Be4 {Malich,B-Enklaar,B/Amsterdam 1972/MCL/1/2-1/2 (41)}) ({RR} 11... Qd6 12.
Nd2 Nd4 13. Ne4 Qb6 14. Bd2 a4 15. b4 axb3 16. e3 Nc6 17. Qxb3 Qa7 18. Rfc1
Qxa3 19. Nxc5 Qxb3 20. Rxb3 Ra2 21. Bc3 Ne5 22. Bxe5 Bxe5 23. d4 Bd6 24. Bxb7
Bg4 25. Kg2 Rb8 26. Rcb1 {Korn,J-Sieg,U/Germany 1981/EXT 97-B/0-1 (50)}) 12.
Be3 Qd6 13. Qc2 b6 14. Bf4 Qd7 15. d4 Bxd4 16. Rbd1 {
 To be honest,I thought Black was getting wiped out in this position.} 16...
Ba6 $8 17. e3 Bxf1 18. Kxf1 Rac8 19. exd4 Nxd4 20. Nxd4 (20. Ne5 $5 Nxc2 $2 (
20... Qe6 $1 21. Qc4 b5 22. Qxe6 Nxe6) 21. Nxd7 $16) 20... cxd4 21. Qb3 b5 22.
Be4 a4 23. Qf3 Rc5 24. Bd2 f5 25. Bb1 e5 26. Bb4 Rcc8 27. h4 Qc6 28. Qxc6 Rxc6
29. Bd3 Rb8 30. f3 Kf7 31. Ke2 Ke6 32. Bb1 Rbc8 33. Bd3 Rc1 34. Bxb5 R8c2+ 35.
Rd2 e4 36. Bxa4 Rxd2+ 37. Bxd2 Rb1 38. fxe4 fxe4 39. b3 Rb2 40. Kd1 e3 41. Bc1
e2+ 42. Ke1 Rb1 43. Kxe2 Rxc1 44. Bb5 Ke5 45. Bd3 Rc3 46. a4 Rxb3 47. a5 Rb2+
48. Kf3 Rb3 49. Ke2 Kd5 50. a6 Ra3 51. Kd2 Ra2+ 52. Kc1 Kc6 53. Bc4 Rh2 54. Bg8
Rh3 55. Bxh7 Rxg3 56. Bg8 Kb6 57. Bf7 Kxa6 58. Kd2 Kb5 59. h5 g5 60. Be6 Kc5
61. Bf5 Rg2+ 62. Kd3 Rh2 0-1

[Event "GBR-ch"]
[Site "Scarborough"]
[Date "2001.08.02"]
[Round "4"]
[White "Lalic, Bogdan"]
[Black "Eames, Robert"]
[Result "1-0"]
[WhiteElo "2528"]
[BlackElo "2333"]
[Annotator "Martin,A"]
[PlyCount "71"]
[EventDate "2001.07.30"]

1. Nf3 d5 2. d4 Nf6 3. c4 e6 4. Nc3 c6 5. Bg5 dxc4 6. e4 b5 7. a4 {Apparently
Croatian secret weapon, developed by Dizdar,Marovic,Cebalo et al. I believe
Tal was the first to popularise 7 a4 back in the 1950's} 7... b4 8. Nb1 Be7 9.
e5 Nd5 10. Bxe7 Qxe7 11. Bxc4 O-O 12. O-O $146 ({RR} 12. Nbd2 c5 13. dxc5 Bb7
14. Nb3 Nf4 15. Qd6 Nxg2+ 16. Ke2 Bxf3+ 17. Kxf3 Qg5 18. Rhg1 Rd8 19. Rxg2 Qf5+
20. Ke3 Rxd6 21. exd6 Nd7 22. Rag1 Qe5+ 23. Kd3 Qxb2 24. Rxg7+ Kh8 25. Ke3 Ne5
{0-1 Kallai,G-Lukacs,P/Budapest 1995/EXT 97 (25)}) 12... c5 13. Bxd5 exd5 14.
dxc5 Qxc5 15. Nbd2 Ba6 16. Re1 Nd7 17. Nb3 Qc4 18. Re3 Rac8 19. Nbd4 g6 20. h4
Rfe8 21. Qd2 Qc7 22. e6 Nc5 23. exf7+ Qxf7 24. Ne5 Qf4 25. Nxg6 Ne4 26. Nxf4
Nxd2 27. Rxe8+ Rxe8 28. Nxd5 Rd8 29. Nc6 Rf8 30. Rd1 Ne4 31. f3 Nc5 32. Ndxb4
Bb7 33. a5 Rf4 34. Rd4 Rf6 35. Rd5 Na4 36. Rd8+ 1-0